| 000 | 00712nam a22002297a 4500 | ||
|---|---|---|---|
| 005 | 20250811155213.0 | ||
| 008 | 250811b |||||||| |||| 00| 0 eng d | ||
| 020 | _a978-81-8042-422-9 (hbk) | ||
| 037 | _cTB | ||
| 040 |
_aCRL _cCRL |
||
| 041 |
_2URD _aURD |
||
| 084 |
_aO168,3NAR1,BJ R2 _bCRL |
||
| 100 |
_aNaqvi, Arif _9817744 |
||
| 245 | _aBujhte jalte charagh | ||
| 260 |
_aNew Delhi, India: _bModern Publishing House, _c2022. |
||
| 300 | _a160p. | ||
| 365 |
_b350.00 _cINR |
||
| 650 | _aUrdu Literature | ||
| 650 |
_aUrdu Fiction _93298 |
||
| 942 |
_2CC _cTB _hO168,3NAR1,BJ R2 _n0 |
||
| 999 |
_c1434685 _d1434685 |
||